| 000 | 00901nam a2200277 i 4500 | ||
|---|---|---|---|
| 001 | 000038235 | ||
| 003 | DO-SdBNP | ||
| 005 | 20250130143607.0 | ||
| 007 | ta | ||
| 008 | 130405s2000 dr ac 000 0 spa d | ||
| 020 | _a9993481726 | ||
| 040 |
_aDO-SdBNP _bspa _cBNPHU _erda |
||
| 082 | 4 | _222 | |
| 100 | 1 |
_aRubirosa, Porfirio, _964608 _d1909- _eautor |
|
| 245 | 1 | 0 |
_aMis memorias / _cPorfirio Rubirosa ; edición Henry Peralta |
| 264 | 1 |
_aSanto Domingo : _bEditorial Letra Gráfica, _c2000. |
|
| 300 |
_a220 páginas : _bretratos ; _c21 cm. |
||
| 336 |
_2rdacontent _atexto _btxt |
||
| 337 |
_2rdamedia _asin mediación _bn |
||
| 338 |
_2rdacarrier _avolumen _bnc |
||
| 500 | _aIncluye índice onomástico. | ||
| 500 | _aIncluye datos biográficos del autor en la solapa de la cubierta. | ||
| 590 | _aInventariado, 2022/BT | ||
| 700 | 1 |
_aPeralta, Henry, _eedición _981930 _4ed. |
|
| 942 |
_2ddc _cLBS1 |
||
| 999 |
_c37725 _d37725 |
||